| 000 -LEADER |
| fixed length control field |
00489cam a2200169Ia 4500 |
| 020 ## - INTERNATIONAL STANDARD BOOK NUMBER |
| ISBN |
1555427901 |
| 040 ## - CATALOGING SOURCE |
| Transcribing agency |
VYF |
| 082 ## - DEWEY DECIMAL CLASSIFICATION NUMBER |
| Classification number |
379 JOS 1991 A066 Or. |
| 245 04 - TITLE STATEMENT |
| Title |
The Changing dimensions of student aid / |
| 260 ## - PUBLICATION, DISTRIBUTION, ETC. (IMPRINT) |
| Place of publication |
San Francisco : |
| Name of publisher |
Jossey-Bass Inc., Publishers, |
| Year of publication |
1991 |
| 300 ## - PHYSICAL DESCRIPTION |
| Number of Pages |
96 p. ; |
| Dimensions |
23 cm |
| 490 1# - SERIES STATEMENT |
| Series statement |
Jossey-Bass Higher and adult education series |
| 650 #0 - SUBJECT ADDED ENTRY--TOPICAL TERM |
| Topical Term |
Student aid |
| 650 #0 - SUBJECT ADDED ENTRY--TOPICAL TERM |
| Topical Term |
Federal aid to higher education |
| 700 1# - ADDED ENTRY--PERSONAL NAME |
| Personal name |
Merisotis, Jamie P |
| 942 ## - ADDED ENTRY ELEMENTS (KOHA) |
| Koha item type |
សៀវភៅភាសាអង់គ្លេស |
| 952 ## - LOCATION AND ITEM INFORMATION (KOHA) |
| Withdrawn status [LOCAL, KOHA] |
0 |